00766nam a22001337a 4500082001200000100009000012245016800102260007800270300001000348500005500358536004600413650009100459650008200550 aRL.0056 aLaxman, RajnalkaruDepartment of Commerce, Gulbarga UniversityvKalaburagi, Karnataka aImpact of Corporate Governance on Organizational Performance:ba study with reference to selected private and public sector undertaking in India/cRajnalkar Laxman aKalaburagi, Karnataka:bIndian Council of Social Science Research,c2014. a317p. aIncluded Bibliographical References and Appendices aIndian Council of Social Science Research aGovernance, CorporatevCorporate internal investigationsxIndustrial managementzIndia aPrivate-public sectorvBuild-operate-transfer (Public contracts)xCooperation